000 00579nam a2200229Ia 4500
003 OSt
005 20220918202230.0
006 a|||||r|||| 00| 0
007 ta
008 220917b |||||||| |||| 00| 0 eng d
024 _a99,694
037 _cTextual
040 _aARTS
_cARTS
_beng
041 _2eng
_aeng
082 _aV2:71.N5, K2
100 _aSankalia H D
_939986
245 0 _aIndian archaeology today
260 _aBombay
_bAsia
_c1962
650 _aHISTORY
942 _hV2:71.N5, K2
_cTEXL
_2CC
999 _c223267
_d223267